[Event "BL 0405 Solinger SG - Erfurter SK"]
[Site "?"]
[Date "2005.04.09"]
[Round "14.5"]
[White "Brueggemann, Joachim"]
[Black "Smeets, Jan"]
[Result "0-1"]
[WhiteElo "2404"]
[BlackElo "2515"]
[PlyCount "78"]
[EventDate "2005.??.??"]

1. e4 c5 2. Nf3 d6 3. d4 cxd4 4. Nxd4 Nf6 5. Nc3 a6 6. Bg5 e6 7. f4 Qb6 8. Nb3
Nbd7 9. Qe2 Qc7 10. g4 Be7 11. O-O-O h6 12. Bh4 g5 13. fxg5 Nh7 14. Bg3 hxg5
15. e5 dxe5 16. Bg2 Nhf8 17. Be4 Rh6 18. Rd4 Qb6 19. Rc4 f6 20. Bf2 Qd8 21. h4
gxh4 22. Be3 Rh8 23. Qf2 b5 24. Rxh4 Rg8 25. Rc6 Bb7 26. Rxe6 Bxe4 27. Rxe7+
Qxe7 28. Nxe4 Rc8 29. Qf5 Rc6 30. Rh6 Qe6 31. Qh5+ Qf7 32. Qf5 Qe6 33. Qh5+ Kd8
34. Na5 Rc7 35. c4 Rxc4+ 36. Nxc4 Qxc4+ 37. Nc3 b4 38. Rxf6 Nxf6 39. Qxe5 N8d7
0-1

[Event "BL 0405 Solinger SG - Erfurter SK"]
[Site "?"]
[Date "2005.04.09"]
[Round "14.6"]
[White "Werle, Jan"]
[Black "Mueller, Matthias"]
[Result "1/2-1/2"]
[WhiteElo "2457"]
[BlackElo "2362"]
[PlyCount "86"]
[EventDate "2005.??.??"]

1. Nf3 d5 2. d4 e6 3. c4 c6 4. Qc2 Nf6 5. Bg5 dxc4 6. Qxc4 b5 7. Qc2 Bb7 8. e3
Nbd7 9. Nbd2 Qb6 10. a4 a6 11. Qb3 Be7 12. Be2 O-O 13. O-O Rfc8 14. Ne4 c5 15.
Bxf6 gxf6 16. Nxc5 Nxc5 17. dxc5 Rxc5 18. axb5 Bd5 19. Qa4 axb5 20. Qg4+ Kh8
21. Rxa8+ Bxa8 22. Qh4 Bxf3 23. Bxf3 Qc7 24. g3 Kg7 25. Qg4+ Rg5 26. Qd4 Rc5
27. Qg4+ Rg5 28. Qd4 Rc5 29. Kg2 Rc4 30. Qd3 Qd6 31. Qe2 Qc5 32. Rd1 Rc2 33.
Rd2 Rxd2 34. Qxd2 Bd6 35. h4 b4 36. b3 Qe5 37. Qd3 Qc5 38. Qa6 Bf8 39. Qb7 Qe7
40. Qa8 Qc5 41. Be2 Qc2 42. Bc4 f5 43. Qb7 Qe4+ 1/2-1/2

[Event "BL 0405 Solinger SG - Erfurter SK"]
[Site "?"]
[Date "2005.04.09"]
[Round "14.7"]
[White "Voekler, Bernd"]
[Black "Ernst, Sipke"]
[Result "1-0"]
[WhiteElo "2376"]
[BlackElo "2521"]
[PlyCount "84"]
[EventDate "2005.??.??"]

1. e4 e5 2. Nf3 Nc6 3. Bb5 a6 4. Ba4 Nf6 5. d3 d6 6. c4 g6 7. d4 exd4 8. Nxd4
Bd7 9. Nxc6 Bxc6 10. Bxc6+ bxc6 11. O-O Bg7 12. Nc3 O-O 13. Bg5 Qe8 14. Re1 Nd7
15. Qd2 Qe6 16. b3 f5 17. Rac1 Rae8 18. f3 Ne5 19. exf5 Qxf5 20. Ne4 Re6 21.
Ng3 Qf7 22. f4 Ng4 23. h3 Nf6 24. Rxe6 Qxe6 25. Re1 Qd7 26. Qd3 h6 27. Bxf6
Rxf6 28. f5 gxf5 29. Rf1 f4 30. Nh5 Rf7 31. Nxg7 Kxg7 32. Qd4+ Kg6 33. Rxf4
Rxf4 34. Qxf4 Qf5 35. Qe3 Qb1+ 36. Kh2 Qxa2 37. Qe6+ Kg5 38. h4+ Kxh4 39. Qxh6+
Kg4 40. Qg7+ Kf5 41. Qxc7 Qxb3 42. Qxc6 Qd1 1-0

[Event "BL 0405 Solinger SG - Erfurter SK"]
[Site "?"]
[Date "2005.04.09"]
[Round "14.8"]
[White "Zysk, Robert"]
[Black "Enders, Peter"]
[Result "1/2-1/2"]
[WhiteElo "2462"]
[BlackElo "2456"]
[PlyCount "87"]
[EventDate "2005.??.??"]

1. Nf3 Nf6 2. c4 b6 3. d4 e6 4. Nc3 Bb4 5. e3 c5 6. Bd3 O-O 7. O-O Bb7 8. Bd2
cxd4 9. exd4 Be7 10. Re1 d5 11. Rc1 dxc4 12. Bxc4 Nc6 13. Be3 Rc8 14. Qe2 Qd6
15. a3 Na5 16. Ba6 Qb8 17. Ne5 Bxa6 18. Qxa6 Qb7 19. Qxb7 Nxb7 20. Nb5 a6 21.
Nc7 a5 22. Rc6 Nd8 23. Rc4 Bd6 24. Ne8 Rxc4 25. Nxf6+ gxf6 26. Nxc4 Bc7 27. Rc1
Nb7 28. Nxa5 Bxh2+ 29. Kxh2 bxa5 30. Bh6 Rd8 31. Rc3 Kh8 32. Rg3 Rg8 33. Rxg8+
Kxg8 34. b4 axb4 35. axb4 Nd6 36. g4 f5 37. Bf4 Nb5 38. gxf5 Nxd4 39. fxe6 fxe6
40. Be3 Nb5 41. Kg3 Kf7 42. Kf4 Kf6 43. Bc5 e5+ 44. Kg4 1/2-1/2

[Event "BL 0405 SV Wattenscheid - SV Werder Bre"]
[Site "?"]
[Date "2005.04.09"]
[Round "14.2"]
[White "Johannessen, Leif"]
[Black "Hracek, Zbynek"]
[Result "1/2-1/2"]
[WhiteElo "2538"]
[BlackElo "2579"]
[PlyCount "50"]
[EventDate "2005.??.??"]

1. d4 Nf6 2. c4 e6 3. Nf3 b6 4. g3 Ba6 5. Nbd2 d5 6. Bg2 Bd6 7. O-O O-O 8. b3
c5 9. e4 Be7 10. exd5 exd5 11. Re1 Nc6 12. Bb2 Rc8 13. dxc5 bxc5 14. cxd5 Nxd5
15. Nc4 Bxc4 16. bxc4 Nb6 17. Qe2 Bf6 18. Rad1 Nd4 19. Nxd4 cxd4 20. Bh3 Rxc4
21. Ba3 g6 22. Bxf8 Kxf8 23. Bg2 Kg7 24. Be4 Qc7 25. Rb1 h5 1/2-1/2

[Event "BL 0405 SV Wattenscheid - SV Werder Bre"]
[Site "?"]
[Date "2005.04.09"]
[Round "14.3"]
[White "Pelletier, Yannick"]
[Black "Handke, Florian"]
[Result "1-0"]
[WhiteElo "2589"]
[BlackElo "2467"]
[PlyCount "81"]
[EventDate "2005.??.??"]

1. e4 c5 2. Nf3 e6 3. d4 cxd4 4. Nxd4 a6 5. Nc3 Qc7 6. Bd3 Bd6 7. Be3 Nf6 8. h3
Nc6 9. Nde2 Be7 10. f4 d6 11. g4 h6 12. Qd2 b5 13. Ng3 Nd7 14. O-O-O Nb6 15. h4
Bd7 16. g5 Rb8 17. Nh5 hxg5 18. hxg5 Rg8 19. f5 Ne5 20. f6 Bf8 21. fxg7 Bxg7
22. Nxg7+ Rxg7 23. Qf2 Rg8 24. Rh7 Bc6 25. Kb1 Nbd7 26. Ne2 Nf8 27. Rh5 Nfg6
28. Bc1 Rc8 29. Nd4 Qb6 30. Rf1 Rc7 31. Nxe6 Rb7 32. Nd4 Nxd3 33. cxd3 Ne5 34.
Rh3 Bd7 35. Rg3 Qc5 36. g6 fxg6 37. Rxg6 Rh8 38. Qf6 Nxg6 39. Qxg6+ Kd8 40.
Qf6+ Kc7 41. Qxh8 1-0

[Event "BL 0405 SV Wattenscheid - SV Werder Bre"]
[Site "?"]
[Date "2005.04.09"]
[Round "14.4"]
[White "Appel, Ralf"]
[Black "Babula, Vlastimil"]
[Result "1-0"]
[WhiteElo "2507"]
[BlackElo "2571"]
[PlyCount "81"]
[EventDate "2005.??.??"]

1. d4 Nf6 2. Nf3 e6 3. c4 b6 4. Nc3 Bb7 5. a3 d5 6. Bg5 Be7 7. e3 O-O 8. Rc1
Nbd7 9. cxd5 exd5 10. Be2 Ne4 11. Bxe7 Qxe7 12. O-O Rfd8 13. Qb3 Ndf6 14. Qa4
c5 15. dxc5 bxc5 16. Nxe4 Nxe4 17. Bd3 d4 18. Rfe1 Qf6 19. exd4 Ng5 20. Nxg5
Qxg5 21. d5 Bxd5 22. Bf1 Be6 23. Rc2 Qf6 24. Qa5 Bb3 25. Rd2 Qb6 26. Qc3 Rxd2
27. Qxd2 Rb8 28. Qe3 h6 29. h3 Be6 30. Re2 Rd8 31. Rd2 Rd4 32. Qc3 a5 33. Rc2
Rd1 34. Rc1 Rxc1 35. Qxc1 Bb3 36. Qe3 Be6 37. Qe5 a4 38. Bd3 Qb3 39. Be4 Qd1+
40. Kh2 Qd4 41. Qb8+ 1-0

[Event "BL 0405 SV Wattenscheid - SV Werder Bre"]
[Site "?"]
[Date "2005.04.09"]
[Round "14.5"]
[White "Nyback, Tomi"]
[Black "Holzke, Frank Dr"]
[Result "1/2-1/2"]
[WhiteElo "2554"]
[BlackElo "2492"]
[PlyCount "125"]
[EventDate "2005.??.??"]

1. Nf3 Nf6 2. c4 c5 3. Nc3 Nc6 4. e3 e5 5. a3 d5 6. cxd5 Nxd5 7. Qc2 Nc7 8. b3
Be7 9. Bb2 b6 10. Bd3 Qd7 11. Ne4 f5 12. Nxe5 Nxe5 13. Bxe5 fxe4 14. Bxe4 Nd5
15. Bxg7 Rg8 16. Qb2 Ba6 17. Be5 O-O-O 18. d3 Bd6 19. Bxd6 Qxd6 20. b4 cxb4 21.
O-O Nc3 22. axb4 Nxe4 23. Rxa6 Qxd3 24. Rxa7 Kb8 25. Qa1 Nc3 26. Re7 Rd7 27.
Rxd7 Ne2+ 28. Kh1 Qxd7 29. Qe5+ Kb7 30. Ra1 Rd8 31. h3 Qd5 32. Qg7+ Rd7 33. Qh8
Rd8 34. Qxh7+ Rd7 35. Qc2 Rg7 36. f3 Qe5 37. Re1 Rxg2 38. Qe4+ Qxe4 39. fxe4
Rf2 40. h4 Ng3+ 41. Kg1 Nxe4 42. Rf1 Rxf1+ 43. Kxf1 Kc6 44. Ke2 Kd5 45. Kf3 Ke5
46. h5 Ng5+ 47. Ke2 Nf7 48. Kd3 b5 49. Ke2 Ke4 50. Kd2 Nh6 51. Ke2 Ke5 52. Kf2
Ke4 53. Ke2 Ke5 54. Kf2 Kf5 55. Kf3 Ng4 56. e4+ Kg5 57. h6 Ne5+ 58. Ke3 Kxh6
59. Kd4 Nc4 60. Kc5 Na3 61. e5 Kg7 62. Kd6 Nc4+ 63. Kc5 1/2-1/2

[Event "BL 0405 SV Wattenscheid - SV Werder Bre"]
[Site "?"]
[Date "2005.04.09"]
[Round "14.6"]
[White "Dinstuhl, Volkmar Dr"]
[Black "Fish, Gennadij"]
[Result "1/2-1/2"]
[WhiteElo "2420"]
[BlackElo "2523"]
[PlyCount "139"]
[EventDate "2005.??.??"]

1. d4 Nf6 2. c4 e6 3. Nf3 b6 4. g3 Ba6 5. b3 d5 6. Bg2 Bb4+ 7. Bd2 Bd6 8. cxd5
exd5 9. Nc3 O-O 10. O-O Re8 11. Re1 Nbd7 12. Nh4 Bb7 13. Nb5 Ne4 14. Nxd6 Nxd6
15. Bf4 Nf8 16. Rc1 Rc8 17. Qd3 Ne4 18. Be3 Ne6 19. f3 Nd6 20. Bf2 c5 21. dxc5
Nxc5 22. Qb1 Qf6 23. Bh3 Rcd8 24. Nf5 Nxf5 25. Qxf5 Qh6 26. Bf1 d4 27. Rcd1 Rd5
28. Qf4 Qxf4 29. gxf4 Ne6 30. Bg3 f5 31. e4 dxe3 32. Rxd5 Bxd5 33. Rxe3 Nc7 34.
Rc3 Re7 35. Bf2 Ne6 36. Be3 Rc7 37. Rd3 Bxf3 38. Bxb6 axb6 39. Rxf3 Rc1 40. Kf2
Rc2+ 41. Kg3 Nc5 42. Bd3 Rxa2 43. Bxf5 Rb2 44. Rc3 Kf7 45. Bc2 h6 46. Kg4 Ne6
47. Rc6 Ke7 48. Be4 Rxb3 49. Bd5 Re3 50. Rxb6 h5+ 51. Kh4 Nxf4 52. Bb3 Rh3+ 53.
Kg5 Nd3 54. Rb7+ Kd6 55. Rxg7 Rxh2 56. Rg6+ Ke5 57. Re6+ Kd4 58. Rh6 Nc5 59.
Rxh5 Rg2+ 60. Kf5 Nxb3 61. Rh4+ Kd5 62. Rf4 Nc5 63. Rf1 Ne6 64. Kf6 Nd4 65. Kf7
Ra2 66. Kg6 Ra6+ 67. Rf6 Ne6 68. Rf5+ Kd6 69. Rf1 Ra5 70. Kf6 1/2-1/2

[Event "BL 0405 SV Wattenscheid - SV Werder Bre"]
[Site "?"]
[Date "2005.04.09"]
[Round "14.7"]
[White "Schandorff, Lars"]
[Black "Lemmers, Oscar"]
[Result "1-0"]
[WhiteElo "2510"]
[BlackElo "2401"]
[PlyCount "65"]
[EventDate "2005.??.??"]

1. d4 d5 2. Nf3 c6 3. c4 Nf6 4. e3 a6 5. Bd3 Bg4 6. Nbd2 e6 7. Qc2 Nbd7 8. b3
Bd6 9. Bb2 Qc7 10. c5 Be7 11. O-O Bh5 12. b4 O-O 13. Bc3 Bg6 14. Bxg6 hxg6 15.
a4 Qc8 16. Qb2 Ne8 17. b5 axb5 18. axb5 Rxa1 19. Rxa1 b6 20. Ra7 bxc5 21. b6
Bd6 22. b7 Qd8 23. Ra8 Bb8 24. dxc5 Nxc5 25. Be5 Nd6 26. Bxg7 Re8 27. Bh8 f6
28. Bxf6 Qc7 29. Qb1 Kf7 30. Bd4 Qxb7 31. Ne5+ Ke7 32. Qxb7+ Ndxb7 33. Nxc6+
1-0

[Event "BL 0405 SV Wattenscheid - SV Werder Bre"]
[Site "?"]
[Date "2005.04.09"]
[Round "14.8"]
[White "Straeter, Timo"]
[Black "Meins, Gerlef"]
[Result "1/2-1/2"]
[WhiteElo "2348"]
[BlackElo "2440"]
[PlyCount "87"]
[EventDate "2005.??.??"]

1. d4 d5 2. c4 dxc4 3. Nc3 e5 4. e3 exd4 5. exd4 Nf6 6. Bxc4 Bd6 7. Nf3 O-O 8.
O-O Nc6 9. h3 h6 10. Re1 Re8 11. Rxe8+ Qxe8 12. Nb5 Ne4 13. Nxd6 Nxd6 14. Bb3
Na5 15. Bc2 Bf5 16. Bf4 Bxc2 17. Qxc2 Rc8 18. Rc1 Nc6 19. Qc5 a6 20. Re1 Qd7
21. d5 Nd8 22. b3 b6 23. Qe3 N8b7 24. Ne5 Qe7 25. Qg3 Nf5 26. Qd3 Nbd6 27. Qxa6
Qh4 28. Nd3 Qd8 29. Nb4 Ra8 30. Qe2 Qd7 31. Bxd6 Nxd6 32. a4 b5 33. axb5 Re8
34. Qd2 Rxe1+ 35. Qxe1 Qxb5 36. Qc3 Qe2 37. Qe3 Qb2 38. Nc6 Qa2 39. b4 Qb1+ 40.
Kh2 Kh7 41. Qe7 Qf5 42. Qxc7 Qf4+ 43. Kh1 Qc1+ 44. Kh2 1/2-1/2

[Event "BL 0405 SG Köln Porz - SC Eppingen"]
[Site "?"]
[Date "2005.04.09"]
[Round "14.2"]
[White "Lutz, Christopher"]
[Black "Medvegy, Zoltan"]
[Result "1/2-1/2"]
[WhiteElo "2596"]
[BlackElo "2467"]
[PlyCount "97"]
[EventDate "2005.??.??"]

1. e4 c6 2. d4 d5 3. Nc3 dxe4 4. Nxe4 Bf5 5. Ng3 Bg6 6. h4 h6 7. Nf3 Nd7 8. h5
Bh7 9. Bd3 Bxd3 10. Qxd3 e6 11. Bf4 Qa5+ 12. Bd2 Qa4 13. a3 Ngf6 14. b3 Qb5 15.
c4 Qb6 16. O-O Be7 17. Rfe1 O-O 18. Bf4 a5 19. Nf5 Rfe8 20. Nxe7+ Rxe7 21. Bd6
Ree8 22. Ne5 Red8 23. c5 Qb5 24. Qf3 Nxe5 25. dxe5 Ne8 26. Rac1 Nxd6 27. cxd6
Rf8 28. Qh3 Kh8 29. Rc3 Rad8 30. Qg4 Qd5 31. Rg3 Rg8 32. Qf4 Rd7 33. Qe3 Rf8
34. Qc3 f6 35. Rd3 Qb5 36. Rf3 Kg8 37. exf6 Rxd6 38. Rg3 Rf7 39. fxg7 Qxh5 40.
b4 axb4 41. axb4 Rd1 42. Qe3 Rxe1+ 43. Qxe1 e5 44. Qa1 Re7 45. Qa2+ Qf7 46. Qd2
Qe6 47. Qd8+ Re8 48. Qd3 Re7 49. Qd8+ 1/2-1/2

[Event "BL 0405 SG Köln Porz - SC Eppingen"]
[Site "?"]
[Date "2005.04.09"]
[Round "14.4"]
[White "Sokolov, Ivan"]
[Black "Mann, Christian"]
[Result "1-0"]
[WhiteElo "2663"]
[BlackElo "2455"]
[PlyCount "45"]
[EventDate "2005.??.??"]

1. d4 d5 2. Nf3 Nc6 3. c4 Bg4 4. Nc3 e6 5. cxd5 exd5 6. Bf4 Bd6 7. Bg3 Nf6 8.
e3 O-O 9. Bh4 Be7 10. h3 Bxf3 11. Qxf3 Ne4 12. Bxe7 Qxe7 13. Nxd5 Qd6 14. Bd3
f5 15. Nc3 Rae8 16. Bxe4 fxe4 17. Qg4 Rf6 18. O-O Rg6 19. Qf5 Qe7 20. f3 exf3
21. Rxf3 Nd8 22. Nd5 Qd6 23. Raf1 1-0

[Event "BL 0405 SG Köln Porz - SC Eppingen"]
[Site "?"]
[Date "2005.04.09"]
[Round "14.6"]
[White "Beliavsky, Alexander G"]
[Black "Miltner, Arndt"]
[Result "1-0"]
[WhiteElo "2660"]
[BlackElo "2402"]
[PlyCount "65"]
[EventDate "2005.??.??"]

1. e4 d6 2. d4 Nf6 3. f3 e5 4. dxe5 dxe5 5. Qxd8+ Kxd8 6. Bc4 Ke8 7. Be3 Nbd7
8. Nc3 a6 9. Nge2 Bc5 10. Nd1 Ke7 11. Nc1 Bxe3 12. Nxe3 Nb6 13. Nd3 Nfd7 14.
Bb3 a5 15. a4 f6 16. Nf5+ Kf8 17. O-O-O g6 18. Ne3 Nb8 19. h4 Na6 20. h5 gxh5
21. Rxh5 Bd7 22. Rdh1 Kg7 23. g4 h6 24. Nf5+ Bxf5 25. gxf5 Rad8 26. Rg1+ Kf8
27. Rg6 Ke7 28. Rg7+ Kd6 29. f4 exf4 30. e5+ Kc6 31. exf6 Nd7 32. f7 Kb6 33.
Nxf4 1-0

[Event "BL 0405 SG Köln Porz - SC Eppingen"]
[Site "?"]
[Date "2005.04.09"]
[Round "14.7"]
[White "Koch, Wolfgang Max Dr"]
[Black "Graf, Alexander"]
[Result "0-1"]
[WhiteElo "2330"]
[BlackElo "2646"]
[PlyCount "66"]
[EventDate "2005.??.??"]

1. d4 Nf6 2. Nf3 e6 3. c4 d5 4. Nc3 c6 5. cxd5 exd5 6. Bg5 h6 7. Bxf6 Qxf6 8.
e3 Bd6 9. Bd3 O-O 10. Qc2 Bg4 11. Ng1 Qg5 12. Nf3 Qe7 13. h3 Be6 14. O-O Nd7
15. Bh7+ Kh8 16. Bf5 Rae8 17. Rfe1 Bxf5 18. Qxf5 g6 19. Qc2 f5 20. g3 Nf6 21.
Ne2 g5 22. Kg2 Ne4 23. Nc3 Qf6 24. Nxe4 fxe4 25. Nh2 h5 26. Qe2 Qg6 27. Rf1 Rf6
28. Rab1 Ref8 29. Qd1 Qf7 30. Qc2 h4 31. a4 Bb8 32. Qe2 Rf3 33. Kh1 Qh5 0-1

[Event "BL 0405 SV Hofheim - OSC Baden Baden"]
[Site "?"]
[Date "2005.04.09"]
[Round "14.1"]
[White "Anand, Viswanathan"]
[Black "Savchenko, Stanislav"]
[Result "1/2-1/2"]
[WhiteElo "2781"]
[BlackElo "2497"]
[PlyCount "92"]
[EventDate "2005.??.??"]

1. e4 e6 2. d4 d5 3. Nc3 dxe4 4. Nxe4 Nd7 5. Nf3 Ngf6 6. Nxf6+ Nxf6 7. c3 c5 8.
Ne5 a6 9. Be3 Qc7 10. Qa4+ Bd7 11. Nxd7 Nxd7 12. Be2 O-O-O 13. O-O Nb6 14. Qa5
Nd5 15. Qxc7+ Kxc7 16. dxc5 Nxe3 17. fxe3 f5 18. b4 g6 19. Bc4 Bg7 20. Rac1 Bh6
21. Rfe1 e5 22. Kf2 Rd2+ 23. Re2 Rhd8 24. Rc2 Rd1 25. e4 Rf8 26. Kg3 Bc1 27.
Kh3 f4 28. Rf2 Be3 29. Rf3 h5 30. Kh4 Rfd8 31. Bd5 R8xd5 32. exd5 Rxd5 33. Re2
Rd3 34. Kg5 e4 35. Rfxe3 Rxe3 36. Rf2 f3 37. gxf3 exf3 38. Kxg6 Re2 39. Rxf3
Rg2+ 40. Kh6 Rxh2 41. a4 h4 42. Kh5 a5 43. b5 Ra2 44. Rf7+ Kc8 45. Rf8+ Kd7 46.
Rf7+ Kc8 1/2-1/2

[Event "BL 0405 SV Hofheim - OSC Baden Baden"]
[Site "?"]
[Date "2005.04.09"]
[Round "14.4"]
[White "Krivoshey, Sergei"]
[Black "Vallejo Pons, Francisco"]
[Result "0-1"]
[WhiteElo "2499"]
[BlackElo "2678"]
[PlyCount "80"]
[EventDate "2005.??.??"]

1. Nf3 g6 2. d4 Nf6 3. c4 Bg7 4. Nc3 d5 5. cxd5 Nxd5 6. e4 Nxc3 7. bxc3 c5 8.
Rb1 O-O 9. Be2 b6 10. h4 Bg4 11. Ng1 Bxe2 12. Nxe2 Qd7 13. Be3 Nc6 14. Qa4 Rfd8
15. d5 Na5 16. Qxd7 Rxd7 17. Rc1 Nc4 18. Nf4 Nd6 19. f3 f5 20. exf5 Nxf5 21.
Bd2 Bf6 22. c4 Bxh4+ 23. Kd1 Bf6 24. Ne6 Rc8 25. a4 a6 26. Re1 b5 27. axb5 axb5
28. g4 Nh4 29. g5 Bh8 30. Rf1 bxc4 31. Rxc4 Nf5 32. Kc2 Rxd5 33. Rb1 Re5 34.
Nf4 Nd4+ 35. Kd1 Nxf3 36. Bc3 Rxg5 37. Bxh8 Rg1+ 38. Kc2 Rxb1 39. Kxb1 Nd2+ 40.
Kc2 Nxc4 0-1

[Event "BL 0405 SV Hofheim - OSC Baden Baden"]
[Site "?"]
[Date "2005.04.09"]
[Round "14.5"]
[White "Movsesian, Sergei"]
[Black "Zude, Erik Dr"]
[Result "1-0"]
[WhiteElo "2629"]
[BlackElo "2385"]
[PlyCount "37"]
[EventDate "2005.??.??"]

1. e4 d6 2. d4 Nf6 3. Nc3 g6 4. Be3 c6 5. h3 Nbd7 6. f4 b5 7. a3 Nb6 8. Nf3 a6
9. Bd3 Bg7 10. O-O O-O 11. Qe1 Be6 12. Qh4 Bc4 13. f5 Bxd3 14. cxd3 gxf5 15.
Bh6 e6 16. Ng5 Nbd7 17. exf5 e5 18. Rf3 exd4 19. Rg3 1-0

[Event "BL 0405 SV Hofheim - OSC Baden Baden"]
[Site "?"]
[Date "2005.04.09"]
[Round "14.6"]
[White "Brendel, Oliver"]
[Black "Krasenkow, Michal"]
[Result "0-1"]
[WhiteElo "2340"]
[BlackElo "2676"]
[PlyCount "72"]
[EventDate "2005.??.??"]

1. e4 g6 2. d4 Bg7 3. Nc3 c6 4. Nf3 d6 5. Be2 Nf6 6. a4 a5 7. O-O O-O 8. Bg5 h6
9. Bh4 g5 10. Bg3 Nh5 11. Qd2 Na6 12. h4 g4 13. Nh2 Nxg3 14. fxg3 Qb6 15. Rad1
e5 16. Bxa6 Rxa6 17. Ne2 Qxb2 18. Rb1 Qa2 19. Qd3 Qxa4 20. c4 exd4 21. Nf4 b5
22. cxb5 Rb6 23. Nh5 Rxb5 24. Nxg7 Rxb1 25. Qxb1 Kxg7 26. Qc1 c5 27. Qf4 Qd7
28. Qf6+ Kh7 29. e5 Qe6 30. Nxg4 Qxg4 31. Qxd6 Kg8 32. Kh2 Be6 33. Rf4 Qe2 34.
Rf6 d3 35. Rxh6 d2 36. Qe7 Qxe5 0-1

[Event "BL 0405 SV Hofheim - OSC Baden Baden"]
[Site "?"]
[Date "2005.04.09"]
[Round "14.7"]
[White "Dautov, Rustem"]
[Black "Burkart, Patrick"]
[Result "1-0"]
[WhiteElo "2623"]
[BlackElo "2338"]
[PlyCount "93"]
[EventDate "2005.??.??"]

1. d4 d6 2. Nf3 g6 3. g3 Bg7 4. Bg2 e5 5. dxe5 dxe5 6. Qxd8+ Kxd8 7. Nc3 c6 8.
Ng5 Nh6 9. f4 f6 10. Nf3 Nf7 11. fxe5 fxe5 12. Ng5 Nxg5 13. Bxg5+ Kc7 14. O-O-O
Be6 15. Be7 Nd7 16. Bd6+ Kb6 17. Na4+ Ka5 18. b3 Bf8 19. a3 Rc8 20. Kb2 Bxd6
21. Rxd6 Rhe8 22. Rhd1 Rc7 23. c3 Re7 24. Be4 Bxb3 25. Kxb3 b5 26. Rxc6 bxa4+
27. Kc4 Nf6 28. Rdd6 Rxc6+ 29. Bxc6 Ng4 30. Kc5 Nxh2 31. Rd5 Re6 32. Rd7 a6 33.
Rxh7 Nf1 34. Rh4 e4 35. Rxe4 Rxe4 36. Bxe4 Nxg3 37. Bd3 g5 38. e4 g4 39. e5 Nf5
40. e6 g3 41. Be4 Ng7 42. e7 Ne8 43. Kc6 Ng7 44. c4 Ne8 45. c5 Nf6 46. Bf3 Ne8
47. Kd7 1-0

[Event "BL 0405 SV Hofheim - OSC Baden Baden"]
[Site "?"]
[Date "2005.04.09"]
[Round "14.8"]
[White "Haubt, Georg"]
[Black "Schlosser, Philipp"]
[Result "0-1"]
[WhiteElo "2267"]
[BlackElo "2570"]
[PlyCount "58"]
[EventDate "2005.??.??"]

1. d4 Nf6 2. Nc3 d5 3. Bg5 Nbd7 4. Nf3 e6 5. e4 h6 6. Bxf6 Nxf6 7. e5 Nd7 8.
Qd2 a6 9. Ne2 c5 10. c3 Nb8 11. a3 Nc6 12. Nf4 cxd4 13. cxd4 Bd7 14. Be2 Be7
15. O-O Qb6 16. Nh5 O-O-O 17. b4 Rhg8 18. Rab1 Na7 19. b5 axb5 20. Bxb5 Nxb5
21. a4 Kb8 22. axb5 Rc8 23. Ra1 Bxb5 24. Rfb1 Rc4 25. Qf4 Bb4 26. Qxf7 Rgc8 27.
Rd1 Be8 28. Qxg7 Bxh5 29. g4 R4c7 0-1

[Event "BL 0405 TV Tegernsee - SF Katernberg"]
[Site "?"]
[Date "2005.04.09"]
[Round "14.1"]
[White "Chuchelov, Vladimir"]
[Black "Khenkin, Igor"]
[Result "1-0"]
[WhiteElo "2571"]
[BlackElo "2587"]
[PlyCount "81"]
[EventDate "2005.??.??"]

1. Nf3 d5 2. d4 Nf6 3. c4 c6 4. Nc3 a6 5. a4 e6 6. Bg5 a5 7. e3 Be7 8. Be2 Na6
9. O-O O-O 10. Qb3 Nb4 11. Ne5 Nd7 12. Bxe7 Qxe7 13. Nd3 dxc4 14. Qxc4 e5 15.
Nxb4 axb4 16. Ne4 Re8 17. Bf3 Nb6 18. Qc5 Nxa4 19. Qxe7 Rxe7 20. Nd6 Be6 21.
dxe5 Bb3 22. Bd1 Bxd1 23. Rfxd1 Rd7 24. b3 Nb6 25. Rxa8+ Nxa8 26. Ra1 Nc7 27.
Ra7 b5 28. Kf1 Kf8 29. Ke2 Ke7 30. Nf5+ Kd8 31. Nxg7 c5 32. Nf5 c4 33. Nd4 Rd5
34. Nc6+ Kd7 35. Nxb4 Rxe5 36. bxc4 Kd6 37. Nd3 Rh5 38. g4 Rxh2 39. c5+ Kc6 40.
Ne5+ Kd5 41. Nf3 1-0

[Event "BL 0405 TV Tegernsee - SF Katernberg"]
[Site "?"]
[Date "2005.04.09"]
[Round "14.2"]
[White "Sokolov, Andrei"]
[Black "L'Ami, Erwin"]
[Result "1/2-1/2"]
[WhiteElo "2591"]
[BlackElo "2516"]
[PlyCount "149"]
[EventDate "2005.??.??"]

1. e4 c5 2. Nf3 d6 3. d4 cxd4 4. Nxd4 Nf6 5. Nc3 a6 6. Be3 e6 7. Be2 Qc7 8. a4
b6 9. f4 Bb7 10. Bf3 Nbd7 11. Qe2 Be7 12. g4 h6 13. h4 g6 14. O-O-O Nc5 15. Bf2
e5 16. fxe5 dxe5 17. Bg3 O-O-O 18. Kb1 Bd6 19. Nb3 Ne6 20. Nd5 Nxd5 21. exd5
Nf4 22. Bxf4 exf4 23. Rhe1 Rd7 24. h5 gxh5 25. gxh5 Re7 26. Qd3 Rhe8 27. Rxe7
Qxe7 28. Nd4 Qf6 29. Nc6 Re3 30. Qc4 Kd7 31. Bg4+ Ke8 32. Nd4 f3 33. Nf5 Re5
34. Nxd6+ Qxd6 35. Bxf3 Kf8 36. Qf4 Ke7 37. Qh4+ Kf8 38. Qf4 Ke7 39. Qd4 Kf8
40. b3 Bc8 41. Kb2 a5 42. Qc3 Bd7 43. Rd4 Qf6 44. Rc4 Rf5 45. Bg4 Qxc3+ 46.
Kxc3 Rxd5 47. Bxd7 Rxd7 48. Rc6 Rd5 49. Rxb6 Rxh5 50. b4 Rh3+ 51. Kc4 axb4 52.
Kxb4 Rh1 53. a5 Rb1+ 54. Kc5 Ra1 55. a6 h5 56. Kc6 h4 57. Kb7 h3 58. Rh6 Rb1+
59. Kc7 Ra1 60. Kb7 Rb1+ 61. Kc7 Ra1 62. c4 Kg7 63. Rxh3 Rxa6 64. c5 f5 65. c6
Ra1 66. Rc3 Kf6 67. Kb8 Rb1+ 68. Kc8 Ke5 69. c7 Rh1 70. Re3+ Kd4 71. Re8 f4 72.
Kd8 Rc1 73. c8=Q Rxc8+ 74. Kxc8 f3 75. Rf8 1/2-1/2

[Event "BL 0405 TV Tegernsee - SF Katernberg"]
[Site "?"]
[Date "2005.04.09"]
[Round "14.3"]
[White "Senff, Martin"]
[Black "Bischoff, Klaus"]
[Result "0-1"]
[WhiteElo "2430"]
[BlackElo "2559"]
[PlyCount "62"]
[EventDate "2005.??.??"]

1. e4 c5 2. Nf3 Nc6 3. d4 cxd4 4. Nxd4 Qb6 5. Nb3 Nf6 6. Nc3 e6 7. Be3 Qc7 8.
Qe2 a6 9. O-O-O d6 10. f3 Be7 11. g4 b5 12. Kb1 Rb8 13. g5 Nd7 14. f4 O-O 15.
h4 Rd8 16. h5 Nb6 17. Qg2 Na4 18. Ne2 Bb7 19. Ng3 d5 20. g6 dxe4 21. gxf7+ Kxf7
22. Be2 Bf6 23. Nxe4 Ne7 24. Bc1 Nf5 25. Bd3 Nd4 26. Rhe1 Rbc8 27. Qh3 Bxe4 28.
Rxe4 Nxc2 29. Qxe6+ Kf8 30. h6 Na3+ 31. Ka1 Qxc1+ 0-1

[Event "BL 0405 TV Tegernsee - SF Katernberg"]
[Site "?"]
[Date "2005.04.09"]
[Round "14.4"]
[White "Boensch, Uwe"]
[Black "Thesing, Matthias"]
[Result "1/2-1/2"]
[WhiteElo "2540"]
[BlackElo "2420"]
[PlyCount "151"]
[EventDate "2005.??.??"]

1. d4 d5 2. c4 e6 3. Nc3 Nf6 4. Bg5 dxc4 5. e4 c5 6. d5 Be7 7. dxe6 Bxe6 8.
Qxd8+ Bxd8 9. e5 Ng4 10. Bxd8 Kxd8 11. Nf3 Nd7 12. Ng5 Ngxe5 13. O-O-O Ke7 14.
f4 Nd3+ 15. Bxd3 cxd3 16. Rhe1 h6 17. Nxe6 fxe6 18. Rxd3 Nf6 19. f5 Rhe8 20.
Nb5 Rad8 21. Rg3 Nh5 22. Rf3 Kd7 23. fxe6+ Kc6 24. e7 Rd7 25. Nxa7+ Kc7 26. Rf7
Kb6 27. Rf8 Nf6 28. Nc8+ Kc7 29. Re6 Rxc8 30. Rfxf6 gxf6 31. e8=Q Rxe8 32. Rxe8
Rd5 33. Re7+ Kc6 34. Re6+ Kb5 35. Rxf6 Rg5 36. g3 h5 37. Rf4 Rd5 38. Kc2 c4 39.
Rf6 Kc5 40. a3 b5 41. Rf2 Rg5 42. Kc3 Re5 43. Rf3 Rd5 44. h3 h4 45. g4 Kc6 46.
Kc2 Kb6 47. Rf6+ Ka5 48. Rh6 Re5 49. Rxh4 Re2+ 50. Kc3 Re3+ 51. Kd2 Rg3 52. g5
Rxg5 53. Re4 Ka4 54. h4 Rg1 55. Re1 Rg3 56. Re3 Rg2+ 57. Re2 Rg3 58. Rh2 Kb3
59. Ke1 c3 60. bxc3 Rxc3 61. h5 Kxa3 62. h6 Rc8 63. h7 Rh8 64. Kd2 b4 65. Kc2
b3+ 66. Kb1 Kb4 67. Kb2 Kc4 68. Rh6 Kd5 69. Kxb3 Ke5 70. Kc4 Kf5 71. Kd5 Kg5
72. Rh1 Kf6 73. Kd6 Kg7 74. Ke7 Rxh7 75. Rg1+ Kh8+ 76. Kf8 1/2-1/2

[Event "BL 0405 TV Tegernsee - SF Katernberg"]
[Site "?"]
[Date "2005.04.09"]
[Round "14.5"]
[White "Scholz, Christian"]
[Black "Kindermann, Stefan"]
[Result "1/2-1/2"]
[WhiteElo "2396"]
[BlackElo "2536"]
[PlyCount "75"]
[EventDate "2005.??.??"]

1. e4 e6 2. d4 d5 3. Nd2 Nf6 4. e5 Nfd7 5. Bd3 c5 6. c3 Nc6 7. Ne2 cxd4 8. cxd4
Qb6 9. Nf3 f6 10. exf6 Nxf6 11. O-O Bd6 12. Nc3 O-O 13. Bg5 Bd7 14. Re1 Kh8 15.
Na4 Qc7 16. Bh4 e5 17. dxe5 Nxe5 18. Nxe5 Bxe5 19. h3 Bd4 20. Kh1 Qa5 21. Bc2
Bxa4 22. Bxa4 Qb6 23. f3 Bf2 24. Bxf2 Qxf2 25. Re2 Qh4 26. Rd2 Rad8 27. Rd4 Qg3
28. Qd3 Qe5 29. Rd1 Rf7 30. Bc2 g6 31. f4 Qc7 32. Bb3 Kg7 33. Qe3 Re7 34. Qf3
Re4 35. Rxd5 Rxd5 36. Bxd5 Rxf4 37. Qb3 Nxd5 38. Qxd5 1/2-1/2